Words That Are Nouns and Verbs - Statistics

General Stats
  • This quiz has been taken 45 times
  • The average score is 5 of 8
Answer Stats
Picture Answer % Correct
brush/paint
97%
run
97%
phone/telephone
86%
flower
78%
present/gift
76%
bow
54%
mail
19%
contest
0%
No matching quizzes found
Score Distribution
Percent of People with Each Score
Percentile by Number Answered
Your Score History
You have not taken this quiz